00448cam a22001811 4500001000800000005001700008008004100025010001700066035001900083040001800102041000800120042001200128080001500140082001500155100000600170101000800176245008200184645355420180215045430.0760811s1943 xx 000 0 eng  a 43001095  a(OCoLC)2366655 aDLCcOTUdDLC aeng apremarc a589.95 SAL a589.95 SAL1 a4 aSHM10aLaboratory manual on Fundamental principles of bacteriology,cby A. J. Salle.